000 00390pab a2200157 454500
008 180718b1999 xxu||||| |||| 00| 0 eng d
100 _aChakrapani, Ashok
245 _aPlain speaking about Indian nuclear testing
260 _c1999
300 _ap.191-93
362 _aFeb
650 _aNuclear tests - India
650 _aNuclear tests
773 _aStrategic Digest
909 _a40121
999 _c40121
_d40121